000 01190nam a22002657a 4500
999 _c63318
_d63318
005 20240530110634.0
008 170918s2014 ua a f b 000 0 ara d
017 _a2013/22077
_bمصر. دار الكتب
020 _a9789772122356
040 _aEG-CaGPL
_cEG-CaGPL
082 0 4 _221
_a658 /
_bع إ
100 0 _aعبدالله حسين جوهر
245 1 2 _aالادارة العامة و ادارة الاعمال :
_bتنظيم - تطوير - رقابة - تقييم - تنمية ادارية و اقتصادية /
_cعبدالله حسين جوهر
260 _aالاسكندرية :
_bمؤسسة شباب الجامعة ،
_c2014.
300 _a271 ص. :
_bايض ؛
_c24 سم.
504 _aيشتمل على ارجاعات ببليوجرافية
650 0 7 _2qrmak
_aادارة الاعمال
650 0 7 _2qrmak
_aادارة العمال
_xتنظيم
650 0 7 _2qrmak
_aادارة العمال
_xتطوير
650 0 7 _2qrmak
_aادارة العمال
_xرقابة
650 0 7 _2qrmak
_aادارة العمال
_xتقييم
650 0 7 _2qrmak
_aادارة العمال
_xتنمية اقتصادية
942 _2ddc
_cBK